书目信息 |
| 题名: |
云淡风清
|
|
| 作者: | 应彩云 编著 | |
| 分册: | ||
| 出版信息: | 上海 少年儿童出版社 2015.4 |
|
| 页数: | 371页 | |
| 开本: | 26cm | |
| 丛书名: | ||
| 单 册: | ||
| 中图分类: | G61-53 | |
| 科图分类: | ||
| 主题词: | 儿童教育--文集 | |
| 电子资源: | ||
| ISBN: | 978-7-5324-9664-8 | |
| 000 | 01049nam0 2200229 45 | |
| 001 | 012001002635 | |
| 005 | 20131023172319.0 | |
| 010 | @a978-7-5324-9664-8@dCNY58.00 | |
| 100 | @a20181025d2015 em y0chiy0110 ea | |
| 101 | 0 | @achi |
| 102 | @aCN@b310000 | |
| 105 | @ay z 000yy | |
| 106 | @ar | |
| 200 | 1 | @a云淡风清@9yun dan feng qing@f应彩云编著 |
| 210 | @a上海@c少年儿童出版社@d2015.4 | |
| 215 | @a371页@d26cm | |
| 330 | @a《云淡风清》一书的作者应彩云,上海市特级教师,担任上海市教委组织的“上海市名师高级研修班”的主持人工作,多年来,她就如何了解儿童,体察儿童的需要,创设良好的人际环境进行了专题探索,尤其是针对学前儿童语言教育进行了细致的研究,在全国范围内都具有一定的知名度。《云淡风清》记录了应彩云于2004年至2014年的教育随笔以及教学案例,其中包涵了对幼儿的一些学习活动的想法与体会,具体的教学建议,与家长交往的具体策略,作为教师和幼儿一起成长的感受等等,内容新颖丰富。 | |
| 606 | 0 | @a儿童教育@j文集 |
| 690 | @aG61-53@v5 | |
| 701 | 0 | @a应彩云@9ying cai yun@4编著 |
| 801 | 0 | @aCN@b江苏凤凰@c20191020 |
| 905 | @b1216640-3@dG61-53@e711@f4 | |
| 云淡风清/应彩云编著.-上海:少年儿童出版社,2015.4 |
| 371页;26cm |
| ISBN 978-7-5324-9664-8:CNY58.00 |
| 《云淡风清》一书的作者应彩云,上海市特级教师,担任上海市教委组织的“上海市名师高级研修班”的主持人工作,多年来,她就如何了解儿童,体察儿童的需要,创设良好的人际环境进行了专题探索,尤其是针对学前儿童语言教育进行了细致的研究,在全国范围内都具有一定的知名度。《云淡风清》记录了应彩云于2004年至2014年的教育随笔以及教学案例,其中包涵了对幼儿的一些学习活动的想法与体会,具体的教学建议,与家长交往的具体策略,作为教师和幼儿一起成长的感受等等,内容新颖丰富。 |
| ● |
| 相关链接 |
|
|
|
|
正题名:云淡风清
索取号:G61-53/711
 
预约/预借
| 序号 | 登录号 | 条形码 | 馆藏地/架位号 | 状态 | 备注 |
| 1 | 1216640 | 212166403 | 第一样本阅览室/ [索取号:G61-53/711] | 在馆 | |
| 2 | 1216641 | 212166412 | 教育系资料室/ [索取号:G61-53/711] | 在馆 | |
| 3 | 1216642 | 212166421 | 教育系资料室/ [索取号:G61-53/711] | 在馆 | |
| 4 | 1216643 | 212166430 | 第四借阅区/ [索取号:G61-53/711] | 在馆 |